| 000 | 01750nam a2200361Ia 4500 | ||
|---|---|---|---|
| 001 | 9780203332566 | ||
| 003 | BD-DhSAU | ||
| 005 | 20151012151720.0 | ||
| 006 | a|||||s||||||||||| | ||
| 007 | cr|||| | ||
| 008 | 120503s2012 enka sb 001 0 eng d | ||
| 020 | _a9780203332566 (e-book : PDF) | ||
| 040 |
_aBD-DhSAU _cBD-DhSAU |
||
| 090 |
_aQH499 _b.K45 2012 |
||
| 092 |
_a174.28 _bK372 |
||
| 100 | 1 |
_aKent, Julie, _d1957- |
|
| 245 | 1 | 0 |
_aRegenerating bodies _h[electronic resource] : _btissue and cell therapies in the twenty-first century / _cJulie Kent. |
| 260 |
_aAbingdon, Oxon ; _aNew York, N.Y. : _bRoutledge, _c2012. |
||
| 300 |
_axiv, 217 p. : _bill. |
||
| 490 | 1 | _aGenetics and society | |
| 504 | _aIncludes bibliographical references (p. [191]-208) and index. | ||
| 505 | 0 | _a1. Commodifying tissues and cells : the new tissue economies -- 2. Regenerative medicine : a paradigm shift? -- 3. Regulation and governance of tissue- and cell-based therapies in Europe : ethical controversy and the politics of risk -- 4. A 'strict but permissive approach': a case study of UK regulation of human-tissue and cell therapies -- 5. 'Football fields of skin': a masculinist dream? -- 6. Remaking the self -- 7. Life, death and immortality. | |
| 530 | _aAlso available in print edition. | ||
| 538 | _aMode of access: World Wide Web. | ||
| 650 | 0 |
_aRegenerative medicine _xMoral and ethical aspects. |
|
| 650 | 0 |
_aStem cells _xResearch _xMoral and ethical aspects. |
|
| 650 | 0 |
_aMedical technology _xForecasting. |
|
| 650 | 0 | _aFeminism and science. | |
| 655 | 7 |
_aElectronic books. _2lcsh |
|
| 776 | 1 | _z9780415688819 (hardback) | |
| 830 | 0 | _aGenetics and society. | |
| 856 | 4 | 0 | _uhttp://www.tandfebooks.com/isbn/9780203332566 |
| 999 |
_c12717 _d12716 |
||